Educación cívica ii /

Guardado en:
Autor Principal: Bidart Campos, German José
Formato: Libro
Publicado: Buenos Aires : Estrada, 1993
Edición:6a. ed.
Materias:
Etiquetas: Agregar Etiqueta
Sin Etiquetas, Sea el primero en etiquetar este registro!
LEADER 01185nam a22002655a 4500
001 CEM.cems007210
005 20090416100857.0
008 130507s1993##################000#0#####d
003 CEMS
020 |a 9500102315 
082 0 4 |a 320 
100 1 |a Bidart Campos, German José 
245 1 0 |a Educación cívica ii /  |c Germán José Bidart Campos 
250 |a 6a. ed. 
260 |a Buenos Aires :  |b Estrada,  |c 1993 
300 |a 103 p. 
500 |a Para segundo año del Ciclo Básico , Escuelas de Comercio y de Educación Técnica 
505 0 |a Organización política del Estado argentino -- Forma de vida demócratica -- La Constitución de la Nación Argentina -- Formación de la opinión pública -- Quiebra del orden institucional -- La soberanía -- La unidad latinoamericana 
653 |a Educación cívica 
653 |a Educación cívica-2do. año 
653 |a Educación cívica-egb 
653 |a Educación cívica-educación secundaria 
859 |a CEMS  |b BIB. CEMS - 11 de abril  |h 320  |i B473a6  |p 16988.93  |t Ej.1  |v II  |3 II 
859 |a CEMS  |b BIB. CEMS - 11 de abril  |h 320  |i B473a6  |p 16989.93  |t Ej.2  |v II  |3 II 
859 |a CEMS  |b BIB. CEMS - 11 de abril  |h 320  |i B473a6  |p 16990.93  |t Ej.3  |v II  |3 II